000 00727nam a2200253Ia 4500
003 OSt
005 20221006142824.0
006 a|||||r|||| 00| 0
007 ta
008 221006b |||||||| |||| 00| 0 eng d
020 _c
_3.95
024 _a7,268
037 _cTextual
040 _aEASL
_cEASL
_beng
041 _2eng
_aeng
082 _aV42:19(zM).58.N05, K2
100 _aHARGREAVES Reginald
_9648486
245 0 _aRed sun rising
_b The siege of port arthur
260 _aPhiladelphia
_bJ. B. Lippincott Company
_c1962
300 _a210p.
_ccm.
490 _v JEL
_aGreat Battles of History
942 _hV42:19(zM).58.N05, K2
_cTEXL
_2CC
999 _c1075354
_d1075354